Chiffres de Pi (50 premières décimales) - Statistiques

Statistiques générales
  • Ce quiz a été pris 261 fois
  • Le résultat moyen est 17 sur 26
Statistiques - réponses
Hint Réponse % Correct
1 3
100%
2 14
90%
3 15
84%
4 92
79%
5 65
74%
6 35
68%
9 32
66%
10 38
66%
8 79
66%
7 89
66%
12 26
65%
11 46
65%
15 32
63%
14 38
63%
13 43
63%
16 79
63%
17 50
61%
18 28
60%
19 84
59%
20 19
56%
23 39
54%
22 69
54%
21 71
54%
24 93
54%
25 75
52%
26 10
51%
Aucun quiz correspondant
Distribution des résultats
% des personnes avec chaque résultat
Percentile par nombre de réponses
Votre historique - résultats
Vous n’avez pas pris ce quiz